Chile avanza con todos: balance de Gobierno del Presidente Sebastián Piñera Echenique, 2014-2014

Saved in:
Bibliografiske detaljer
Corporate Authors: Gobierno de Chile (Author), Presidencia de la República (Author)
Format: Bog
Sprog:spansk
Udgivet: Santiago Presidencia de la República 2014
Udgivelse:1a. ed
Serier:Colección Memoria Presidencial
Fag:
Tags: Tilføj Tag
Ingen Tags, Vær først til at tagge denne postø!

MARC

LEADER 00000cam a2200000 a 4500
001 UCE3620
003 CL-VaPUC
008 140911e20140000cl |||||||||||||||||spa|d
020 |a 9789567892334 
082 0 4 |a 361.6  |b GOB  |2 21 
110 2 |a Gobierno de Chile  |e author  |9 576081 
710 2 |a Presidencia de la República  |e author  |9 576082 
245 1 0 |a Chile avanza con todos: balance de Gobierno del Presidente Sebastián Piñera Echenique, 2014-2014 
250 |a 1a. ed 
300 |a 418 p 
942 |c BK 
945 |d 20140911 14:25:00  |a arojas 
260 |a Santiago  |b Presidencia de la República  |c 2014 
650 0 |a Acción gubernamental  |9 576083 
650 0 |a Políticas sociales  |9 358116 
650 0 |a Políticas públicas  |9 309677 
650 7 |a POLITICAS DE SEGURIDAD  |2 CL-VaPUC  |9 378392 
650 7 |a POLITICAS DE TRANSPORTE  |2 CL-VaPUC  |9 546586 
583 |a last modification  |c 20140911 14:25:00  |k Rodrigo Vera 
490 0 |a Colección Memoria Presidencial 
999 |c 356817  |d 356815 
952 |0 0  |1 0  |3 erd  |4 0  |6 361_600000000000000_GOB_2014  |7 0  |8 X  |9 464573  |a FDOBUD  |b FDOBUD  |i 5113687  |o 361.6 GOB 2014  |p 5113687  |r 2019-11-23  |w 2019-11-23  |y BK_X  |z Catalogado en:20140911  |k BUD